Loosening the green belt (Record no. 70629)

MARC details
000 -LEADER
fixed length control field 01024cam a2200229 4500
001 - CONTROL NUMBER
control field ABS65644
008 - FIXED-LENGTH DATA ELEMENTS--GENERAL INFORMATION
fixed length control field 020701n2002 000 0 eng u
035 ## - SYSTEM CONTROL NUMBER
System control number (Sirsi) u118609
100 ## - MAIN ENTRY--PERSONAL NAME
Personal name Bovill, P.
245 ## - TITLE STATEMENT
Title Loosening the green belt
260 ## - PUBLICATION, DISTRIBUTION, ETC.
Date of publication, distribution, etc. 2002
490 ## - SERIES STATEMENT
Series statement Regeneration and Renewal
Volume/sequential designation 17 May 2002, 12(1)
520 ## - SUMMARY, ETC.
Summary, etc. Calls for debate into the usage of green belt land after planners have called for it to be developed to ease the housing shortage. Briefly reviews the historical development of the green belt and argues the regulations governing its use should be treated no differently to any other planning policy and kept under review whilst retaining the original principle of protection. The extent of the green belt could also be examined from a regional perspective with exact boundaries being defined.
590 ## - LOCAL NOTE (RLIN)
Local note ABS
650 ## - SUBJECT ADDED ENTRY--TOPICAL TERM
Topical term or geographic name entry element GREEN BELT
650 ## - SUBJECT ADDED ENTRY--TOPICAL TERM
Topical term or geographic name entry element PPG3
650 ## - SUBJECT ADDED ENTRY--TOPICAL TERM
Topical term or geographic name entry element HOUSING SHORTAGE
650 ## - SUBJECT ADDED ENTRY--TOPICAL TERM
Topical term or geographic name entry element RTPI
650 ## - SUBJECT ADDED ENTRY--TOPICAL TERM
Topical term or geographic name entry element PLANNING SYSTEM
650 ## - SUBJECT ADDED ENTRY--TOPICAL TERM
Topical term or geographic name entry element PROTECTED AREAS
942 ## - ADDED ENTRY ELEMENTS (KOHA)
Suppress in OPAC 0
Holdings
Withdrawn status Lost status Source of classification or shelving scheme Damaged status Not for loan Home library Current library Shelving location Date acquired Total Checkouts Full call number Barcode Date last seen Copy number Price effective from Koha item type
    Dewey Decimal Classification     London London Journal article 01/07/2002   ABS65644 118609-1001 06/08/2019 1 06/08/2019 Journal article